| 000 | 00432nam a22001457a 4500 | ||
|---|---|---|---|
| 082 |
_a621.30212 _bBOL _cL-9, P-8 |
||
| 100 |
_aBOLTON, D.J. _941196 |
||
| 245 |
_aEconomic tables for eletrical engineers/ _bD.J.BOLTON, . |
||
| 260 |
_aLondon: _bChapman & Hall Ltd. _c1933. |
||
| 300 |
_ap19. _bill. |
||
| 526 |
_a0 _b0 _c0 _d621_302120000000000_BOL |
||
| 526 |
_a0 _b0 _c0 _d621_302120000000000_BOL |
||
| 650 |
_aMCE _9379 |
||
| 942 |
_2ddc _cBK |
||
| 999 |
_c545367 _d545367 |
||